Flora and Fauna in Ancient Indian Culture/ (Record no. 191829)

MARC details
000 -LEADER
fixed length control field 00619nam a22001817a 4500
005 - DATE AND TIME OF LATEST TRANSACTION
control field 20220905150013.0
010 ## - LCCN (DPL NO)
LC control number ENG-134918
020 ## - INTERNATIONAL STANDARD BOOK NUMBER
International Standard Book Number 9789385133039
Terms of availability 650.00
035 ## - SYSTEM CONTROL NUMBER
System control number EN-118450
037 ## - SOURCE OF ACQUISITION
Source of stock number/acquisition DBAD/PUB
082 ## - DEWEY DECIMAL CLASSIFICATION NUMBER
Classification number 306.0954
100 ## - MAIN ENTRY--PERSONAL NAME
Personal name Monga, Gurmeet Kaur
245 ## - TITLE STATEMENT
Title Flora and Fauna in Ancient Indian Culture/
Statement of responsibility, etc Gurmeet Kaur Monga
260 ## - PUBLICATION, DISTRIBUTION, ETC. (IMPRINT)
Place of publication, distribution, etc Mumbai
Name of publisher, distributor, etc Ketaki Prakashan Pvt
Date of publication, distribution, etc 2016
270 ## - ADDRESS
Address Ajay Deep House 22-Second Floor, 240-Perin Nariman (Bazar Gate) Street Fort
City Mumbai
Postal code 400001
Electronic mail address info@ketakjprakashan.com
300 ## - PHYSICAL DESCRIPTION
Extent 224p.
Dimensions 29cm(hb)
942 ## - ADDED ENTRY ELEMENTS (KOHA)
Source of classification or shelving scheme Dewey Decimal Classification
Item type English Books
Classification part 306.0954
Call number suffix MON
Holdings
Withdrawn status Lost status Not for loan Collection code Home library Current library Date acquired Source of acquisition Cost, normal purchase price Full call number Barcode Copy number Cost, replacement price Koha item type
    Not For Loan Reference Ashok Vihar Ashok Vihar 05/09/2022 DBAD/PUB 650.00 306.0954 MON EN-118450 1 650.00 English Books

© Delhi Public Library
Hit Counter
free hit counter